Les 9 Divins du culte impérial (The Elder Scrolls) - Statistiques

Statistiques générales
  • Ce quiz a été pris 111 fois
  • Le résultat moyen est 6 sur 9
Statistiques - réponses
Hint Réponse % Correct
Dieu Dragon du Temps Akatosh
94%
Déesse de l'Amour et de la fertilité Mara
84%
Dieu des Hommes et de la guerre Talos
82%
Déesse de la passion, de la beauté de l'Eros et de l'inspiration artistique Dibella
79%
Dieu du cycle de la vie et de la vort Arkay
65%
Déesse du ciel, des vents et des éléments Kynareth
65%
Dieu de la littérature, de la loi et de l'histoire Julianos
63%
Dieu de la justice et de la miséricorde Stendarr
61%
Dieu du travail et du commerce Zenithar
55%
Aucun quiz correspondant
Distribution des résultats
% des personnes avec chaque résultat
Percentile par nombre de réponses
Votre historique - résultats
Vous n’avez pas pris ce quiz